| 000 -NÁVESTIE |
| fixed length control field |
01806cam a2200481 a 4500 |
| 001 - EVIDENČNÉ ČÍSLO ZÁZNAMU - Kontrolné číslo |
| control field |
vtls011592943 |
| 005 - DÁTUM A ČAS POSLEDNEJ TRANSAKCIE |
| control field |
20260226101244.0 |
| 008 - ÚDAJE S PEVNOU DĹŽKOU – VŠEOBECNÉ INFORMÁCIE |
| fixed length control field |
240318s2016 xo o g h 000 0aslo |
| 020 ## - MEDZINÁRODNÉ ŠTANDARDNÉ ČÍSLO KNIHY (ISBN) |
| Medzinárodné štandardné číslo knihy (ISBN) |
9788055151885 |
| Qualifying information |
(viaz.) |
| 035 ## - Iný štandardný identifikátor |
| Iný štandardný identifikátor |
urn:nbn:sk:snk-am00e0bz |
| 035 ## - Iný štandardný identifikátor |
| Iný štandardný identifikátor |
urn:nbn:sk:snk-am3iae9 |
| 035 ## - Iný štandardný identifikátor |
| Iný štandardný identifikátor |
01C654D6-4EE4-426C-9ED3-29A7668B7B61 |
| 040 ## - ZDROJ KATALOGIZÁCIE |
| Pôvodná katalogizujúca agentúra |
TTKJF |
| Jazyk katalogizácie |
slo |
| Prepisujúca agentúra |
TTKJF |
| Modifikujúca agentúra |
SNK |
| Konvencie popisu |
AACR2 |
| 041 0# - KÓD JAZYKA |
| Kód jazyka textu/zvukovej stopy alebo samostatných nápisov |
slo |
| 044 ## - KÓD KRAJINY VYDAVATEĽA/PRODUCENTA |
| Kód krajiny MARC |
xo |
| Kód krajiny ISO |
SK |
| 072 #7 - KÓD PREDMETOVEJ KATEGÓRIE |
| Kód predmetovej kategórie |
323 |
| Pododdiel kódu predmetovej kategórie |
Vnútropolitický vývoj, politický život |
| Zdroj |
konspekt |
| 072 #7 - KÓD PREDMETOVEJ KATEGÓRIE |
| Kód predmetovej kategórie |
929 |
| Pododdiel kódu predmetovej kategórie |
Biografie |
| Zdroj |
konspekt |
| 080 ## - ČÍSLO MEDZINÁRODNÉHO DESATINNÉHO TRIEDENIA (MDT) |
| Číslo Medzinárodného desatinného triedenia (MDT) |
323.12"1939/1945" |
| Identifikátor vydania |
2011 |
| 080 ## - ČÍSLO MEDZINÁRODNÉHO DESATINNÉHO TRIEDENIA (MDT) |
| Číslo Medzinárodného desatinného triedenia (MDT) |
(=411.16) |
| Identifikátor vydania |
2011 |
| 080 ## - ČÍSLO MEDZINÁRODNÉHO DESATINNÉHO TRIEDENIA (MDT) |
| Číslo Medzinárodného desatinného triedenia (MDT) |
(0:82-94) |
| Identifikátor vydania |
2011 |
| 080 ## - ČÍSLO MEDZINÁRODNÉHO DESATINNÉHO TRIEDENIA (MDT) |
| Číslo Medzinárodného desatinného triedenia (MDT) |
343.819.5 |
| Identifikátor vydania |
2011 |
| 080 ## - ČÍSLO MEDZINÁRODNÉHO DESATINNÉHO TRIEDENIA (MDT) |
| Číslo Medzinárodného desatinného triedenia (MDT) |
323.28 |
| Identifikátor vydania |
2011 |
| 080 ## - ČÍSLO MEDZINÁRODNÉHO DESATINNÉHO TRIEDENIA (MDT) |
| Číslo Medzinárodného desatinného triedenia (MDT) |
(437.6) |
| Identifikátor vydania |
2011 |
| 080 ## - ČÍSLO MEDZINÁRODNÉHO DESATINNÉHO TRIEDENIA (MDT) |
| Číslo Medzinárodného desatinného triedenia (MDT) |
(4) |
| Identifikátor vydania |
2001 |
| 100 1# - OSOBNÉ MENÁ – VŠEOBECNÉ INFORMÁCIE |
| Osobné meno |
Fischerová, Viola, |
| Dátumy súvisiace s menom |
1922-2017 |
| Kód roly |
aut |
| -- |
5468 |
| 245 10 - NÁZOV |
| Názov |
Mengeleho dievča |
| Zvyšok názvu |
skutočný príbeh Slovenky, ktorá prežila štyri koncentračné tábory |
| Údaj o zodpovednosti atď. |
Viola Stern Fischerová, Veronika Homolová Tóthová |
| 260 ## - VYDAVATEĽSKÉ ÚDAJE, DISTRIBÚCIA ATĎ. |
| Miesto publikovania, distribúcie atď. |
Bratislava |
| Názov vydavateľa, distibútora atď. |
Ikar |
| Dátum publikovania, distribúcie atď. |
2016 |
| 300 ## - FYZICKÝ POPIS |
| Rozsah |
367 s. |
| Ďalšie fyzické detaily |
fotogr. |
| Rozmery |
21 cm |
| 600 17 - PRIDANÝ VSTUP – PREDMET – OSOBNÉ MENO |
| Osobné meno |
Fischerová, Viola, |
| Dátumy súvisiace s menom |
1922-2017 |
| Zdroj hesla alebo termínu |
SNKMA |
| -- |
5468 |
| 650 07 - PRIDANÝ VSTUP – PREDMET – TEMATICKÉ HESLO |
| Tematické heslo alebo geografický názov ako vstupný prvok |
holokaust (1939-1945) |
| Zdroj hesla alebo termínu |
SNKPH |
| -- |
1733 |
| 650 07 - PRIDANÝ VSTUP – PREDMET – TEMATICKÉ HESLO |
| Tematické heslo alebo geografický názov ako vstupný prvok |
Židia |
| Geografický pododdiel |
Slovensko |
| Zdroj hesla alebo termínu |
SNKPH |
| -- |
2020 |
| 650 07 - PRIDANÝ VSTUP – PREDMET – TEMATICKÉ HESLO |
| Tematické heslo alebo geografický názov ako vstupný prvok |
Holocaust (1939-1945) |
| Zdroj hesla alebo termínu |
SNKPHeng |
| -- |
1738 |
| 650 07 - PRIDANÝ VSTUP – PREDMET – TEMATICKÉ HESLO |
| Tematické heslo alebo geografický názov ako vstupný prvok |
Jews |
| Geografický pododdiel |
Slovakia |
| Zdroj hesla alebo termínu |
SNKPHeng |
| -- |
2022 |
| 650 07 - PRIDANÝ VSTUP – PREDMET – TEMATICKÉ HESLO |
| Tematické heslo alebo geografický názov ako vstupný prvok |
koncentračné táboty |
| Geografický pododdiel |
Európa |
| Zdroj hesla alebo termínu |
SNKPH |
| -- |
5469 |
| 650 07 - PRIDANÝ VSTUP – PREDMET – TEMATICKÉ HESLO |
| Tematické heslo alebo geografický názov ako vstupný prvok |
Concentration camps |
| Geografický pododdiel |
Europe |
| Zdroj hesla alebo termínu |
SNKPHeng |
| -- |
5470 |
| 650 07 - PRIDANÝ VSTUP – PREDMET – TEMATICKÉ HESLO |
| Tematické heslo alebo geografický názov ako vstupný prvok |
Židia |
| Všeobecný pododdiel |
perzekúcie |
| Zdroj hesla alebo termínu |
SNKPH |
| -- |
5471 |
| 650 07 - PRIDANÝ VSTUP – PREDMET – TEMATICKÉ HESLO |
| Tematické heslo alebo geografický názov ako vstupný prvok |
Jews |
| Všeobecný pododdiel |
persecution |
| Zdroj hesla alebo termínu |
SNKPHeng |
| -- |
5472 |
| 655 #7 - INDEXAČNÝ TERMÍN – ŽÁNER/FORMA |
| Údaje o žánri/forme alebo termín, ktorý je prvok fazety |
autobiografické spomienky |
| Zdroj termínu |
SNKPH |
| -- |
2024 |
| 655 #7 - INDEXAČNÝ TERMÍN – ŽÁNER/FORMA |
| Údaje o žánri/forme alebo termín, ktorý je prvok fazety |
Autobiographical reminiscences |
| Zdroj termínu |
SNKPHeng |
| -- |
2025 |
| 700 1# - PRIDANÝ VSTUP – OSOBNÉ MENO |
| Osobné meno |
Homolová Tóthová, Veronika, |
| Dátumy súvisiace s menom |
1980- |
| Kód roly |
aut |
| -- |
5473 |
| 958 ## - Formálny deskriptor |
| Formálny deskriptor |
BX |